000 00462nam a2200181Ia 4500
005 20250508151746.0
008 008 250505s9999 xx 000 0 hin d
037 _aTextual
040 _aFEDL
_beng
_cFEDL
041 _ahin
_2hin
084 _a920, BAL
_qFEDL
100 _aBalkrishan
245 0 _aVickat patth ke rahi
260 _aDelhi, India
_bRajpal and Sons
300 _a156p
942 _cTEXL
_h920, BAL
999 _c1331969
_d1331969